000
00222nam a22000857a 4500
008
170617b xxu||||| |||| 00| 0 eng d
100
_9
3481
_a
Bhanumathy. K. P
245
_a
Candid conversation
260
_a
New Delhi
_b
N. B. T
_c
2007
999
_c
6855
_d
6855